A32_人口に占める女性の割合TOP100の市区町村 - Statistics

General Stats
  • This quiz has been taken 6 times
  • The average score is 33 of 100
Answer Stats
順位 都道府
県名
種類 女性の
割合(%)
市町村名 % Correct
88 北海道 53.2244 札幌市
80%
3 北海道 54.7600 小樽市
60%
6 静岡県 54.5359 熱海市
60%
9 北海道 54.4524 函館市
60%
12 青森県 54.1688 五所川原市
60%
30 兵庫県 53.7038 宝塚市
60%
33 長崎県 53.6770 長崎市
60%
66 長崎県 53.3608 島原市
60%
68 長崎県 53.3563 南島原市
60%
79 和歌山県 53.2758 海南市
60%
98 和歌山県 53.1779 那智勝浦町
60%
2 兵庫県 55.0055 芦屋市
40%
4 山口県 54.6010 阿武町
40%
11 秋田県 54.1924 八郎潟町
40%
20 青森県 53.9515 板柳町
40%
21 鹿児島県 53.9263 枕崎市
40%
22 北海道 53.8525 三笠市
40%
24 青森県 53.8298 弘前市
40%
25 北海道 53.8290 芦別市
40%
27 奈良県 53.8053 吉野町
40%
28 北海道 53.7394 伊達市
40%
32 三重県 53.6782 尾鷲市
40%
35 三重県 53.6480 熊野市
40%
36 北海道 53.6078 砂川市
40%
37 長野県 53.5938 王滝村
40%
38 熊本県 53.5875 人吉市
40%
39 北海道 53.5508 余市町
40%
40 秋田県 53.5500 仙北市
40%
42 山口県 53.5207 長門市
40%
43 北海道 53.5163 深川市
40%
46 熊本県 53.4847 八代市
40%
48 山口県 53.4597 萩市
40%
49 秋田県 53.4574 能代市
40%
52 和歌山県 53.4312 新宮市
40%
55 秋田県 53.4227 三種町
40%
58 北海道 53.3995 上ノ国町
40%
59 熊本県 53.3990 水俣市
40%
60 奈良県 53.3920 下北山村
40%
61 佐賀県 53.3917 大町町
40%
62 鹿児島県 53.3874 鹿児島市
40%
63 三重県 53.3825 志摩市
40%
69 鹿児島県 53.3556 指宿市
40%
72 北海道 53.3273 岩見沢市
40%
73 奈良県 53.3252 奈良市
40%
74 青森県 53.3198 青森市
40%
76 山口県 53.3041 下関市
40%
80 鹿児島県 53.2750 伊佐市
40%
81 青森県 53.2536 黒石市
40%
82 宮崎県 53.2525 小林市
40%
84 山口県 53.2393 周防大島町
40%
85 鹿児島県 53.2386 南さつま市
40%
93 山口県 53.1933 柳井市
40%
99 大分県 53.1715 佐伯市
40%
1 和歌山県 55.1517 太地町
20%
5 和歌山県 54.5745 九度山町
20%
7 北海道 54.5220 乙部町
20%
8 北海道 54.5132 赤平市
20%
10 北海道 54.3646 増毛町
20%
13 奈良県 54.0945 曽爾村
20%
14 福岡県 54.0798 大任町
20%
15 北海道 54.0700 置戸町
20%
16 大分県 54.0213 別府市
20%
17 宮崎県 54.0127 木城町
20%
18 青森県 53.9910 大鰐町
20%
19 鳥取県 53.9658 日野町
20%
23 熊本県 53.8354 氷川町
20%
26 北海道 53.8199 洞爺湖町
20%
29 北海道 53.7271 七飯町
20%
31 北海道 53.7021 佐呂間町
20%
34 北海道 53.6705 旭川市
20%
41 長野県 53.5374 木祖村
20%
44 福岡県 53.5048 田川市
20%
45 北海道 53.4853 当麻町
20%
47 徳島県 53.4779 上勝町
20%
50 秋田県 53.4494 小坂町
20%
51 福岡県 53.4378 大牟田市
20%
53 和歌山県 53.4302 紀美野町
20%
54 北海道 53.4236 森町
20%
56 奈良県 53.4188 河合町
20%
57 和歌山県 53.4156 美浜町
20%
64 北海道 53.3794 新十津川町
20%
65 鳥取県 53.3692 智頭町
20%
67 高知県 53.3590 奈半利町
20%
70 熊本県 53.3523 山江村
20%
71 北海道 53.3379 東川町
20%
75 北海道 53.3051 上砂川町
20%
77 青森県 53.2929 鶴田町
20%
78 北海道 53.2902 積丹町
20%
83 鳥取県 53.2473 江府町
20%
86 神奈川県 53.2275 真鶴町
20%
87 青森県 53.2265 野辺地町
20%
89 広島県 53.2141 安芸太田町
20%
90 熊本県 53.2081 あさぎり町
20%
91 愛媛県 53.2060 鬼北町
20%
92 北海道 53.1963 栗山町
20%
94 高知県 53.1915 大豊町
20%
95 福岡県 53.1860 みやま市
20%
96 徳島県 53.1834 牟岐町
20%
97 高知県 53.1826 高知市
20%
100 北海道 53.1676 福島町
20%
No matching quizzes found
Score Distribution
Percent of People with Each Score
Percentile by Number Answered
Your Score History
You have not taken this quiz